UBT Library

Multiplication and division / (Record no. 967)

000 -LEADER
fixed length control field 00458nam a22001577a 4500
005 - DATE AND TIME OF LATEST TRANSACTION
control field 20150602064950.0
008 - FIXED-LENGTH DATA ELEMENTS--GENERAL INFORMATION
fixed length control field 150602b xxu||||| |||| 00| 0 eng d
041 0# - LANGUAGE CODE
Language code of text/sound track or separate title eng
080 ## - UNIVERSAL DECIMAL CLASSIFICATION NUMBER
Universal Decimal Classification number 512.12
100 ## - Rafti
Rafti Muschla, Judith
245 ## - TITLE STATEMENT
Title Multiplication and division /
Statement of responsibility, etc Judith A. Muschla and Gary Robert Muschla.
260 ## -
-- New York :
-- McGraw-Hill,
-- c2012.
300 ## -
-- xiv, 177 p. ;
-- me il.;
-- 28 cm.
490 ## -
-- Pjestimi dhe shumezimi
942 ## - ADDED ENTRY ELEMENTS (KOHA)
Source of classification or shelving scheme
Item type Books
Holdings
Withdrawn status Lost status Source of classification or shelving scheme Damaged status Not for loan Collection code Permanent location Current location Shelving location Date acquired Total Checkouts Full call number Date last seen Price effective from Koha item type
          Koleksioni i përgjithshem UBT - Prishtine UBT - Prishtine Koleksioni i përgjithshem 06/02/2015   512.12 MUS 06/02/2015 06/02/2015 Books
UBT Library © 2015-2024. All rights reserved University Education for Business and Technology